<?xml version="1.0" encoding="UTF-8"?>
<record
    xmlns:xsi="http://www.w3.org/2001/XMLSchema-instance"
    xsi:schemaLocation="http://www.loc.gov/MARC21/slim http://www.loc.gov/standards/marcxml/schema/MARC21slim.xsd"
    xmlns="http://www.loc.gov/MARC21/slim">

  <leader>03233cam a2200649   4500</leader>
  <controlfield tag="001">vtls011999862</controlfield>
  <controlfield tag="003">VRT</controlfield>
  <controlfield tag="005">20230101195555.0</controlfield>
  <controlfield tag="008">220509s2020    xo oa  grhf   000 0dslo  </controlfield>
  <datafield tag="015" ind1=" " ind2=" ">
    <subfield code="a">SNBA2020/11</subfield>
  </datafield>
  <datafield tag="020" ind1=" " ind2=" ">
    <subfield code="a">9788099975027</subfield>
    <subfield code="q">(bro&#x17E;ovan&#xE9;)</subfield>
  </datafield>
  <datafield tag="035" ind1=" " ind2=" ">
    <subfield code="a">urn:nbn:sk:snk-am00ggff</subfield>
  </datafield>
  <datafield tag="035" ind1=" " ind2=" ">
    <subfield code="a">urn:nbn:sk:snk-am3j6z6</subfield>
  </datafield>
  <datafield tag="035" ind1=" " ind2=" ">
    <subfield code="a">2CDE1ECD-9DE1-433B-A38D-A65096D09A85</subfield>
  </datafield>
  <datafield tag="039" ind1=" " ind2="9">
    <subfield code="a">202205091652</subfield>
    <subfield code="b">VLOAD</subfield>
    <subfield code="c">202204221149</subfield>
    <subfield code="d">VLOAD</subfield>
    <subfield code="c">202012110953</subfield>
    <subfield code="d">msvkbb03</subfield>
    <subfield code="c">202012031022</subfield>
    <subfield code="d">msvkpo26</subfield>
  </datafield>
  <datafield tag="040" ind1=" " ind2=" ">
    <subfield code="a">SVKPO</subfield>
    <subfield code="b">slo</subfield>
    <subfield code="c">SVKPO</subfield>
    <subfield code="e">rda</subfield>
  </datafield>
  <datafield tag="041" ind1="1" ind2=" ">
    <subfield code="a">slo</subfield>
    <subfield code="h">eng</subfield>
  </datafield>
  <datafield tag="044" ind1=" " ind2=" ">
    <subfield code="a">xo</subfield>
    <subfield code="c">SK</subfield>
  </datafield>
  <datafield tag="072" ind1=" " ind2="7">
    <subfield code="a">159.93/.94</subfield>
    <subfield code="x">Senzorick&#xE9; a motorick&#xE9; funkcie. Em&#xF3;cie. V&#xF4;&#x13E;a</subfield>
    <subfield code="2">konspekt</subfield>
  </datafield>
  <datafield tag="072" ind1=" " ind2="7">
    <subfield code="a">929</subfield>
    <subfield code="x">Biografie</subfield>
    <subfield code="2">konspekt</subfield>
  </datafield>
  <datafield tag="080" ind1=" " ind2=" ">
    <subfield code="a">159.947.5</subfield>
    <subfield code="2">2011</subfield>
  </datafield>
  <datafield tag="080" ind1=" " ind2=" ">
    <subfield code="a">17.024.4</subfield>
    <subfield code="2">2011</subfield>
  </datafield>
  <datafield tag="080" ind1=" " ind2=" ">
    <subfield code="a">(035)</subfield>
    <subfield code="2">2011</subfield>
  </datafield>
  <datafield tag="080" ind1=" " ind2=" ">
    <subfield code="a">(092)</subfield>
    <subfield code="2">2011</subfield>
  </datafield>
  <datafield tag="100" ind1="1" ind2=" ">
    <subfield code="a">Adams, Scott</subfield>
    <subfield code="4">aut</subfield>
  </datafield>
  <datafield tag="240" ind1="1" ind2="0">
    <subfield code="a">How to fail at almost everything and still win big</subfield>
    <subfield code="l">Slovensky</subfield>
  </datafield>
  <datafield tag="245" ind1="1" ind2="0">
    <subfield code="a">Ako zlyha&#x165; takmer vo v&#x161;etkom a predsa vyhra&#x165;</subfield>
    <subfield code="c">Scott Adams ; z angli&#x10D;tiny prelo&#x17E;il Luk&#xE1;&#x161; Bend&#xED;k</subfield>
  </datafield>
  <datafield tag="264" ind1=" " ind2="1">
    <subfield code="a">[&#x17D;ilina]</subfield>
    <subfield code="b">Bajkal</subfield>
    <subfield code="c">2020</subfield>
  </datafield>
  <datafield tag="300" ind1=" " ind2=" ">
    <subfield code="a">256 str&#xE1;n</subfield>
    <subfield code="b">ilustr&#xE1;cie</subfield>
    <subfield code="c">21 cm</subfield>
  </datafield>
  <datafield tag="336" ind1=" " ind2=" ">
    <subfield code="a">text</subfield>
    <subfield code="b">txt</subfield>
    <subfield code="2">rdacontent</subfield>
  </datafield>
  <datafield tag="337" ind1=" " ind2=" ">
    <subfield code="a">bez m&#xE9;dia</subfield>
    <subfield code="b">n</subfield>
    <subfield code="2">rdamedia</subfield>
  </datafield>
  <datafield tag="338" ind1=" " ind2=" ">
    <subfield code="a">zv&#xE4;zok</subfield>
    <subfield code="b">nc</subfield>
    <subfield code="2">rdacarrier</subfield>
  </datafield>
  <datafield tag="490" ind1="1" ind2=" ">
    <subfield code="a">Knihy Bajkal</subfield>
  </datafield>
  <datafield tag="500" ind1=" " ind2=" ">
    <subfield code="a">Miesto vydania pod&#x13E;a NA ISBN</subfield>
  </datafield>
  <datafield tag="504" ind1=" " ind2=" ">
    <subfield code="a">Obsahuje bibliografick&#xE9; odkazy a pozn&#xE1;mky</subfield>
  </datafield>
  <datafield tag="520" ind1=" " ind2=" ">
    <subfield code="a">Scott Adams pravdepodobne v &#x17E;ivote zlyhal viackr&#xE1;t ne&#x17E; ktoko&#x13E;vek z n&#xE1;s. Ako sa mu teda podarilo vypracova&#x165; sa z poz&#xED;cie nev&#xFD;znamn&#xE9;ho korpora&#x10D;n&#xE9;ho zamestnanca a viacn&#xE1;sobne ne&#xFA;spe&#x161;n&#xE9;ho podnikate&#x13E;a na tvorcu jedn&#xE9;ho z najzn&#xE1;mej&#x161;&#xED;ch komiksov z pracovn&#xE9;ho prostredia Dilbert?

Adams tvrd&#xED;, &#x17E;e zlyhanie m&#xF4;&#x17E;e by&#x165; na&#x161;&#xED;m priate&#x13E;om a dokonca z&#xE1;kladom bud&#xFA;ceho &#xFA;spechu. Ne&#xFA;spech treba priv&#xED;ta&#x165;, pozorova&#x165; a nenecha&#x165; od&#xED;s&#x165; sk&#xF4;r, k&#xFD;m ho nerozporciujeme a nevy&#x165;a&#x17E;&#xED;me z neho &#x10D;oko&#x13E;vek pozit&#xED;vne, &#x10D;o n&#xE1;s m&#xF4;&#x17E;e posun&#xFA;&#x165; vpred. Adams s&#xE1;m &#xFA;primne odkr&#xFD;va vlastn&#xE9; zlyhania a ukazuje sp&#xF4;sob, ako sa postupne nau&#x10D;il systematicky zlyh&#xE1;va&#x165; smerom k &#xFA;spechu. Napriek zranen&#xE9;mu egu dok&#xE1;zal zo svojich ne&#xFA;spechov vy&#x165;a&#x17E;i&#x165; nieko&#x13E;ko nepravdepodobn&#xFD;ch a u&#x17E;ito&#x10D;n&#xFD;ch lekci&#xED;, o ktor&#xE9; sa s humorom sebe vlastn&#xFD;m podel&#xED; s &#x10D;itate&#x13E;mi tejto knihy.</subfield>
  </datafield>
  <datafield tag="650" ind1="0" ind2="7">
    <subfield code="a">motiv&#xE1;cia</subfield>
    <subfield code="2">SNKPH</subfield>
  </datafield>
  <datafield tag="650" ind1="0" ind2="7">
    <subfield code="a">&#xFA;spech</subfield>
    <subfield code="2">SNKPH</subfield>
  </datafield>
  <datafield tag="650" ind1="0" ind2="7">
    <subfield code="a">Motivation (psychology)</subfield>
    <subfield code="2">SNKPHeng</subfield>
  </datafield>
  <datafield tag="650" ind1="0" ind2="7">
    <subfield code="a">Succes</subfield>
    <subfield code="2">SNKPHeng</subfield>
  </datafield>
  <datafield tag="650" ind1="0" ind2="7">
    <subfield code="a">sebareflexia</subfield>
    <subfield code="2">SNKPH</subfield>
  </datafield>
  <datafield tag="655" ind1=" " ind2="7">
    <subfield code="a">pr&#xED;ru&#x10D;ky</subfield>
    <subfield code="2">SNKPH</subfield>
  </datafield>
  <datafield tag="655" ind1=" " ind2="7">
    <subfield code="a">Handbooks, manuals, etc.</subfield>
    <subfield code="2">SNKPHeng</subfield>
  </datafield>
  <datafield tag="655" ind1=" " ind2="7">
    <subfield code="a">autobiografie</subfield>
    <subfield code="2">SNKPH</subfield>
  </datafield>
  <datafield tag="655" ind1=" " ind2="7">
    <subfield code="a">Autobiography</subfield>
    <subfield code="2">SNKPHeng</subfield>
  </datafield>
  <datafield tag="700" ind1="1" ind2=" ">
    <subfield code="a">Bend&#xED;k, Luk&#xE1;&#x161;</subfield>
    <subfield code="4">trl</subfield>
  </datafield>
  <datafield tag="830" ind1=" " ind2="0">
    <subfield code="a">Knihy Bajkal</subfield>
  </datafield>
  <datafield tag="910" ind1=" " ind2=" ">
    <subfield code="a">snk</subfield>
  </datafield>
  <datafield tag="942" ind1=" " ind2=" ">
    <subfield code="2">ddc</subfield>
    <subfield code="c">BK</subfield>
    <subfield code="n">0</subfield>
  </datafield>
  <datafield tag="949" ind1=" " ind2=" ">
    <subfield code="6">3707000000487014</subfield>
    <subfield code="a">ttkjf159/AD</subfield>
    <subfield code="b">ttkjf2020/487014</subfield>
    <subfield code="o">Laz&#xED;k 10200137</subfield>
  </datafield>
  <datafield tag="949" ind1=" " ind2=" ">
    <subfield code="6">270001000613554</subfield>
    <subfield code="a">svkbbA 162151</subfield>
    <subfield code="b">svkbbm 793245</subfield>
  </datafield>
  <datafield tag="949" ind1=" " ind2=" ">
    <subfield code="6">17A1445891</subfield>
    <subfield code="a">snkSC 190771 D1</subfield>
    <subfield code="b">snk2020/19690</subfield>
    <subfield code="o">1749/2020</subfield>
  </datafield>
  <datafield tag="949" ind1=" " ind2=" ">
    <subfield code="6">273K0654030</subfield>
    <subfield code="a">svkpoA 246030</subfield>
    <subfield code="b">svkpo648637</subfield>
  </datafield>
  <datafield tag="949" ind1=" " ind2=" ">
    <subfield code="6">2741077864</subfield>
    <subfield code="a">spk334854</subfield>
    <subfield code="b">spk2020/334854</subfield>
  </datafield>
  <datafield tag="949" ind1=" " ind2=" ">
    <subfield code="6">3700342335</subfield>
    <subfield code="9">N-159</subfield>
    <subfield code="a">sezk184915</subfield>
    <subfield code="b">sezk2020/184915</subfield>
    <subfield code="o">Panta76/2020</subfield>
  </datafield>
  <datafield tag="949" ind1=" " ind2=" ">
    <subfield code="6">17A1445890</subfield>
    <subfield code="a">snkSC 190771</subfield>
    <subfield code="b">snk2020/19689</subfield>
    <subfield code="o">1749/2020</subfield>
    <subfield code="s">6100:20201202</subfield>
  </datafield>
  <datafield tag="999" ind1=" " ind2=" ">
    <subfield code="c">7</subfield>
    <subfield code="d">7</subfield>
  </datafield>
  <datafield tag="952" ind1=" " ind2=" ">
    <subfield code="0">0</subfield>
    <subfield code="1">0</subfield>
    <subfield code="2">ddc</subfield>
    <subfield code="4">0</subfield>
    <subfield code="7">0</subfield>
    <subfield code="a">VH</subfield>
    <subfield code="b">VH</subfield>
    <subfield code="d">2023-01-01</subfield>
    <subfield code="g">13.90</subfield>
    <subfield code="l">1</subfield>
    <subfield code="m">1</subfield>
    <subfield code="p">9788099975027</subfield>
    <subfield code="q">2023-02-15</subfield>
    <subfield code="r">2023-01-02 00:00:00</subfield>
    <subfield code="s">2023-01-02</subfield>
    <subfield code="v">13.90</subfield>
    <subfield code="w">2023-01-01</subfield>
    <subfield code="y">BK</subfield>
  </datafield>
</record>
